| 000 | 00822nam a2200289Ia 4500 | ||
|---|---|---|---|
| 003 | GCL | ||
| 008 | 140319s9999 xx 000 0 ara d | ||
| 040 |
_aGCL / _cGCL |
||
| 082 | 0 | 4 |
_a811.01 _bاح |
| 100 | 1 | _aاحمد تيمور | |
| 245 | 1 | 0 |
_aالحب والجمال عند العرب / _cاحمد تيمور |
| 260 |
_a[S.N] : _bدار الكتاب العربى ، _c1982 |
||
| 300 | _a159 ص | ||
| 490 | _a | ||
| 650 | 0 | 4 | _aالشعر العربى |
| 650 | 0 | 4 | _aالادب |
| 650 | 0 | 4 | _aالرسائل العربية |
| 650 | 0 | 4 | _aالزواج |
| 650 | 0 | 4 | _aالبلاغة العربية |
| 650 | 0 | 4 | _aالشعر |
| 650 | 0 | 4 | _aالجمال |
| 650 | 0 | 4 | _aالحب |
| 650 | 0 | 4 | _aالرسائل الغرامية |
| 650 | 0 | 4 | _aالجمال - ادب |
| 650 | 0 | 4 | _aالمجموعات |
| 942 |
_2ddc _cBK |
||
| 999 |
_c28653 _d28653 |
||